Datum a čas kvízu
23
Celkem bodů
Celkový počet nahraných bodů na tomto kvízu bez doplňovacích otázek.
11.
Pořadí na kvízu
Konečné umístění týmu na tomto kvízu.
Zaznamenané odpovědi
| # | Otázka | Odpověď | Body | Výsledky |
|---|---|---|---|---|
| 1. | Praha plánuje přejmenovat námě... | Boris Němcov | 0 | |
| 2. | Ve Spojených státech začaly mi... | Iowa | 1 | |
| 3. | Obvykle se naše aktuální událo... | Ivan Král | 0 | |
| 4. | Svět mobilních telefonů minulý... | Blackberry | 1 | |
| 5. | V úterý se konalo finále hokej... | (Mountfield HK) Hradec Králové, Frölunda (HC Indians) | 1 | |
| 6. | Další díl naší cesty kolem svě... | Washington, Wisconsin, Wyoming | 1 | |
| 7. | Tento americký generál a indiá... | George Custer, Sedící býk (Sitting Bull) | 0.5 | |
| 8. | Fakt, že se ve Spojených státe... | 1A 2B 3C 4D | 0 | |
| 9. | Která řeka "vyřezala" do kraji... | A | 1 | |
| 10. | Ze Spojených států pochází nep... | Katy Perry | 0 |